000 00454nam a2200157Ia 4500
003 OSt
005 20201118152927.0
008 190216s9999||||xx |||||||||||||| ||und||
040 _coclc
082 _a657
_bJAI/F
100 _aJain, S P
_91169
245 0 _aAdvanced Financial Accounting /
_cS P Jain ; K L Narang
260 _bKalyani Publishers,
_c2003.
_aNew Delhi:
300 _a384p
942 _cBK
_2ddc
_h657
_iJAI/F
_k657
_mJAI/F
999 _c7050
_d7050